[Event "Toronto-ch"]
[Site "Toronto CAN"]
[Date "1982.02.??"]
[Round "6"]
[White "Kourkounakis, Ilias"]
[Black "Day, Lawrence"]
[Result "1/2-1/2"]
[WhiteElo "2246"]
[BlackElo "2439"]
[PlyCount "100"]
[GameId "2160767912848837"]
[EventDate "1982.02.??"]
[EventType "tourn"]
[EventRounds "11"]
[EventCountry "CAN"]
[SourceTitle "EXT 2022"]
[Source "ChessBase"]
[SourceDate "2021.10.06"]
[SourceVersion "1"]
[SourceVersionDate "2021.10.06"]
[SourceQuality "1"]

1. Nf3 g6 2. c4 Bg7 3. Nc3 d6 4. d4 Bg4 5. e3 Nf6 6. Be2 O-O 7. O-O Re8 8. b3 Na6 9. Bb2 e5 10. dxe5 dxe5 11. h3 Bf5 12. Qxd8 Raxd8 13. Rfd1 e4 14. Nd4 Bc8 15. Ndb5 Be6 16. Rxd8 Rxd8 17. Rd1 Ra8 18. Ba3 h5 19. Be7 Bf5 20. g4 hxg4 21. Bxf6 Bxf6 22. hxg4 Be6 23. Nxe4 Be7 24. Nd4 Rd8 25. Nxe6 Rxd1+ 26. Bxd1 fxe6 27. Kf1 c6 28. Ke2 Nc5 29. Nxc5 Bxc5 30. g5 Be7 31. f4 e5 32. Bc2 Kf7 33. Be4 exf4 34. exf4 Bd6 35. Ke3 Bc5+ 36. Kf3 Ba3 37. Kg4 Bb2 38. Bf3 Ke6 39. Be4 Kf7 40. Bd3 Bc3 41. Be2 Ke6 42. Bd3 Kf7 43. f5 gxf5+ 44. Kxf5 Bb2 45. Be2 Bc3 46. Bh5+ Ke7 47. Kg6 Bd2 48. Bg4 c5 49. Bc8 b6 50. Ba6 Bc1 1/2-1/2

[Event "Toronto-ch"]
[Site "Toronto CAN"]
[Date "1982.02.??"]
[Round "6"]
[White "Morrison, Robert"]
[Black "Nickoloff, Bryon"]
[Result "1/2-1/2"]
[WhiteElo "2341"]
[BlackElo "2343"]
[PlyCount "67"]
[GameId "2160767912848838"]
[EventDate "1982.02.??"]
[EventType "tourn"]
[EventRounds "11"]
[EventCountry "CAN"]
[SourceTitle "EXT 2022"]
[Source "ChessBase"]
[SourceDate "2021.10.06"]
[SourceVersion "1"]
[SourceVersionDate "2021.10.06"]
[SourceQuality "1"]

1. c4 e5 2. Nc3 Nf6 3. Nf3 Nc6 4. d4 exd4 5. Nxd4 Bb4 6. g3 O-O 7. Bg2 Re8 8. O-O Bxc3 9. bxc3 Qe7 10. Bf4 Ne5 11. Qb3 d6 12. a4 a5 13. Bg5 Ned7 14. Qb5 h6 15. Bxf6 Qxf6 16. e4 Re5 17. Qb3 Nc5 18. Qc2 Bd7 19. f4 Re7 20. Nb5 Bc6 21. e5 dxe5 22. fxe5 Qxe5 23. Bxc6 bxc6 24. Nd4 Ne6 25. Rae1 Qxe1 26. Rxe1 Nxd4 27. cxd4 Rxe1+ 28. Kg2 Rd8 29. Qd2 Re4 30. Qxa5 Rdxd4 31. Qxc7 Rxc4 32. Qc8+ Kh7 33. Qf5+ Kg8 34. Qc8+ 1/2-1/2

[Event "Toronto-ch"]
[Site "Toronto CAN"]
[Date "1982.02.??"]
[Round "7"]
[White "Buchholz, Martin"]
[Black "Morrison, Robert"]
[Result "1-0"]
[WhiteElo "2306"]
[BlackElo "2341"]
[PlyCount "59"]
[GameId "2160767912848840"]
[EventDate "1982.02.??"]
[EventType "tourn"]
[EventRounds "11"]
[EventCountry "CAN"]
[SourceTitle "EXT 2022"]
[Source "ChessBase"]
[SourceDate "2021.10.06"]
[SourceVersion "1"]
[SourceVersionDate "2021.10.06"]
[SourceQuality "1"]

1. d4 Nf6 2. c4 g6 3. Nc3 d5 4. Nf3 Bg7 5. Qa4+ Nc6 6. Bf4 O-O 7. e3 Be6 8. Rd1 Qc8 9. Ne5 Nd8 10. Be2 c5 11. O-O Nc6 12. Bf3 cxd4 13. exd4 Rd8 14. Rfe1 a5 15. Qb5 dxc4 16. Nxc6 bxc6 17. Bxc6 Bd7 18. d5 Ra6 19. Qxc4 Bxc6 20. dxc6 Rxd1 21. Rxd1 Rxc6 22. Qb5 Rc5 23. Qb6 Nd7 24. Qa7 Bxc3 25. bxc3 Rc4 26. Bh6 Rc7 27. Qxa5 Rxc3 28. Qb4 e5 29. Qe7 Nf8 30. Qd8 1-0

[Event "Toronto-ch"]
[Site "Toronto CAN"]
[Date "1982.02.??"]
[Round "7"]
[White "Day, Lawrence"]
[Black "Kilgour, Ian"]
[Result "1-0"]
[WhiteElo "2439"]
[BlackElo "2240"]
[PlyCount "81"]
[GameId "2160767912848841"]
[EventDate "1982.02.??"]
[EventType "tourn"]
[EventRounds "11"]
[EventCountry "CAN"]
[SourceTitle "EXT 2022"]
[Source "ChessBase"]
[SourceDate "2021.10.06"]
[SourceVersion "1"]
[SourceVersionDate "2021.10.06"]
[SourceQuality "1"]

1. g3 g6 2. Bg2 Bg7 3. d4 d6 4. e4 e5 5. Ne2 Ne7 6. dxe5 dxe5 7. Qxd8+ Kxd8 8. b3 b6 9. Bb2 Ba6 10. Nbc3 Ke8 11. a4 c6 12. Na2 Nd7 13. Nb4 Bc8 14. a5 b5 15. Nd3 g5 16. h4 h6 17. h5 f6 18. Nc3 Bf8 19. Nd1 Ng8 20. f4 Bd6 21. fxg5 hxg5 22. Ne3 Nh6 23. O-O-O Nf8 24. Nf5 Bc7 25. b4 Rb8 26. Kb1 Nxf5 27. exf5 Bxf5 28. Nc5 Bg4 29. Rdf1 Ke7 30. Bxc6 Bd6 31. Ne4 Nh7 32. Nxd6 Kxd6 33. Be4 Ke6 34. Re1 Rbd8 35. Rh2 Rd6 36. Rf2 Nf8 37. Bd3 Nd7 38. Bxb5 Rxh5 39. c4 Rd1+ 40. Rxd1 Bxd1 41. Rd2 1-0

[Event "Toronto-ch"]
[Site "Toronto CAN"]
[Date "1982.02.??"]
[Round "7"]
[White "Findlay, Ian"]
[Black "Van Leusden, Jacques"]
[Result "1-0"]
[WhiteElo "2250"]
[BlackElo "2066"]
[PlyCount "67"]
[GameId "2160767912848842"]
[EventDate "1982.02.??"]
[EventType "tourn"]
[EventRounds "11"]
[EventCountry "CAN"]
[SourceTitle "EXT 2022"]
[Source "ChessBase"]
[SourceDate "2021.10.06"]
[SourceVersion "1"]
[SourceVersionDate "2021.10.06"]
[SourceQuality "1"]

1. e4 e6 2. d4 d5 3. Nc3 Bb4 4. e5 c5 5. a3 Bxc3+ 6. bxc3 Ne7 7. Nf3 Bd7 8. a4 Nbc6 9. Bd3 Qa5 10. Qd2 c4 11. Be2 O-O-O 12. O-O h6 13. Ne1 Rdg8 14. f4 f5 15. exf6 gxf6 16. Bh5 Nf5 17. Ba3 Nfxd4 18. Bb4 Qb6 19. cxd4 Qxb4 20. c3 Qd6 21. Nc2 Rg7 22. a5 Rhg8 23. Ne3 Be8 24. Bxe8 Rxe8 25. a6 b6 26. f5 e5 27. dxe5 fxe5 28. Kh1 Qc5 29. Rf3 d4 30. cxd4 Nxd4 31. Rd1 Nc6 32. Nxc4 Ree7 33. Nd6+ Kc7 34. Rc3 1-0

[Event "Toronto-ch"]
[Site "Toronto CAN"]
[Date "1982.02.??"]
[Round "7"]
[White "Nickoloff, Bryon"]
[Black "Kourkounakis, Ilias"]
[Result "0-1"]
[WhiteElo "2343"]
[BlackElo "2246"]
[PlyCount "66"]
[GameId "2160767912848844"]
[EventDate "1982.02.??"]
[EventType "tourn"]
[EventRounds "11"]
[EventCountry "CAN"]
[SourceTitle "EXT 2022"]
[Source "ChessBase"]
[SourceDate "2021.10.06"]
[SourceVersion "1"]
[SourceVersionDate "2021.10.06"]
[SourceQuality "1"]

1. d4 Nf6 2. c4 g6 3. Nc3 Bg7 4. e4 O-O 5. Be2 d6 6. Bg5 c5 7. d5 h6 8. Bf4 e5 9. dxe6 Bxe6 10. Qd2 Qa5 11. Bxh6 Bxh6 12. Qxh6 Nxe4 13. Rc1 Re8 14. h4 Nd7 15. h5 Nf8 16. hxg6 Nxg6 17. Kf1 Nxc3 18. Bd3 Bxc4 19. Bxc4 d5 20. Nf3 dxc4 21. Nh4 Nd1 22. Rc3 Nxc3 23. Nf5 Re1+ 24. Kxe1 Ne4+ 25. Kf1 Nd2+ 26. Kg1 Nf3+ 27. gxf3 Qe1+ 28. Kg2 Qe5 29. Qg5 Re8 30. Rh5 Re6 31. Qd8+ Re8 32. Qg5 b5 33. Qh6 Nf4+ 0-1

[Event "Toronto-ch"]
[Site "Toronto CAN"]
[Date "1982.02.??"]
[Round "8"]
[White "Kilgour, Ian"]
[Black "Nickoloff, Bryon"]
[Result "1-0"]
[WhiteElo "2240"]
[BlackElo "2343"]
[PlyCount "59"]
[GameId "2160767912848846"]
[EventDate "1982.02.??"]
[EventType "tourn"]
[EventRounds "11"]
[EventCountry "CAN"]
[SourceTitle "EXT 2022"]
[Source "ChessBase"]
[SourceDate "2021.10.06"]
[SourceVersion "1"]
[SourceVersionDate "2021.10.06"]
[SourceQuality "1"]

1. c4 b6 2. Nc3 Bb7 3. d4 e6 4. a3 d5 5. cxd5 exd5 6. Bf4 Bd6 7. Nh3 Nf6 8. g3 O-O 9. Bg2 Na6 10. O-O c5 11. dxc5 Bxc5 12. Bg5 Nc7 13. Nf4 Be7 14. Qb3 Ne4 15. Nxe4 dxe4 16. Rfd1 Qe8 17. Rac1 Bxg5 18. Rxc7 Bc6 19. Qc2 Rc8 20. Rxc8 Qxc8 21. Bxe4 Bxe4 22. Qxe4 Re8 23. Qf3 Bxf4 24. Qxf4 Rxe2 25. Rc1 Qe8 26. Rc7 h6 27. Rxa7 Rxb2 28. Rb7 Rb1+ 29. Kg2 Rb5 30. Rb8 1-0

[Event "Toronto-ch"]
[Site "Toronto CAN"]
[Date "1982.02.??"]
[Round "8"]
[White "Kleinplatz, Sam"]
[Black "Lavin, David"]
[Result "1-0"]
[WhiteElo "2219"]
[BlackElo "2191"]
[PlyCount "65"]
[GameId "2160767912848847"]
[EventDate "1982.02.??"]
[EventType "tourn"]
[EventRounds "11"]
[EventCountry "CAN"]
[SourceTitle "EXT 2022"]
[Source "ChessBase"]
[SourceDate "2021.10.06"]
[SourceVersion "1"]
[SourceVersionDate "2021.10.06"]
[SourceQuality "1"]

1. c4 c6 2. d4 d5 3. cxd5 cxd5 4. Nc3 Nf6 5. Nf3 Nc6 6. Bf4 Bf5 7. e3 e6 8. Bd3 Bxd3 9. Qxd3 Bb4 10. h3 O-O 11. O-O Na5 12. Ne5 Nd7 13. Nxd7 Qxd7 14. b3 Rfc8 15. Na4 Qc6 16. Rfc1 Qxc1+ 17. Rxc1 Rxc1+ 18. Kh2 b6 19. e4 Re1 20. exd5 exd5 21. Qb5 Re7 22. Nc3 Re6 23. Nxd5 Bd6 24. Bxd6 Rxd6 25. Ne7+ Kf8 26. Nf5 Rf6 27. g4 Rd8 28. Kg2 Nb7 29. Qe5 Re8 30. Qc7 Nc5 31. Nd6 Ra8 32. g5 Rf4 33. Kg3 1-0

[Event "Toronto-ch"]
[Site "Toronto CAN"]
[Date "1982.02.??"]
[Round "8"]
[White "Morrison, Robert"]
[Black "Kourkounakis, Ilias"]
[Result "1-0"]
[WhiteElo "2341"]
[BlackElo "2246"]
[PlyCount "51"]
[GameId "2160767912848848"]
[EventDate "1982.02.??"]
[EventType "tourn"]
[EventRounds "11"]
[EventCountry "CAN"]
[SourceTitle "EXT 2022"]
[Source "ChessBase"]
[SourceDate "2021.10.06"]
[SourceVersion "1"]
[SourceVersionDate "2021.10.06"]
[SourceQuality "1"]

1. d4 Nf6 2. c4 g6 3. Nc3 Bg7 4. e4 d6 5. Nf3 O-O 6. h3 e5 7. d5 Nh5 8. Qc2 f5 9. Be3 Na6 10. O-O-O Nf6 11. exf5 gxf5 12. g3 Kh8 13. Be2 Qe7 14. Nh4 f4 15. gxf4 Nh5 16. fxe5 Qxh4 17. e6 Nc5 18. Rdg1 Nf4 19. Rxg7 Kxg7 20. Rg1+ Ng6 21. Rg4 Qh5 22. Rg5 Qh4 23. Bg4 Rf6 24. Rh5 Qxh5 25. Bxh5 Ne5 26. Ne4 1-0

[Event "Toronto-ch"]
[Site "Toronto CAN"]
[Date "1982.02.??"]
[Round "8"]
[White "Van Leusden, Jacques"]
[Black "Day, Lawrence"]
[Result "0-1"]
[WhiteElo "2066"]
[BlackElo "2439"]
[PlyCount "54"]
[GameId "2160767912848849"]
[EventDate "1982.02.??"]
[EventType "tourn"]
[EventRounds "11"]
[EventCountry "CAN"]
[SourceTitle "EXT 2022"]
[Source "ChessBase"]
[SourceDate "2021.10.06"]
[SourceVersion "1"]
[SourceVersionDate "2021.10.06"]
[SourceQuality "1"]

1. e4 g6 2. d4 d6 3. Nf3 Nf6 4. Nc3 Bg7 5. Be2 O-O 6. O-O c6 7. a4 a5 8. h3 Na6 9. Bf4 Nb4 10. Qd2 Kh8 11. Rad1 Ng8 12. Kh2 b6 13. Rfe1 Ra7 14. d5 cxd5 15. Nb5 Rd7 16. c3 dxe4 17. Nfd4 e5 18. Bg5 e3 19. Qxe3 exd4 20. Nxd4 Nd5 21. Qd2 Bf6 22. Bxf6+ Qxf6 23. Bb5 Re7 24. Nc6 Rxe1 25. Qxe1 Nc7 26. Nd4 Bb7 27. Qe3 Ne7 0-1

[Event "Toronto-ch"]
[Site "Toronto CAN"]
[Date "1982.02.??"]
[Round "9"]
[White "Findlay, Ian"]
[Black "Kleinplatz, Sam"]
[Result "1-0"]
[WhiteElo "2250"]
[BlackElo "2219"]
[PlyCount "49"]
[GameId "2160767912848851"]
[EventDate "1982.02.??"]
[EventType "tourn"]
[EventRounds "11"]
[EventCountry "CAN"]
[SourceTitle "EXT 2022"]
[Source "ChessBase"]
[SourceDate "2021.10.06"]
[SourceVersion "1"]
[SourceVersionDate "2021.10.06"]
[SourceQuality "1"]

1. e4 c5 2. Nf3 a6 3. c4 Nc6 4. d4 cxd4 5. Nxd4 Qc7 6. Be2 Nf6 7. Nc3 e6 8. Nc2 Bc5 9. O-O b6 10. Bg5 Bb7 11. Kh1 Be7 12. f4 d6 13. Ne3 h6 14. Bh4 O-O-O 15. Rc1 Kb8 16. Ncd5 Nxd5 17. cxd5 Bxh4 18. dxc6 Bc8 19. Qa4 d5 20. exd5 exd5 21. Bxa6 Bxa6 22. Qxa6 Rhe8 23. Nf5 Bf6 24. Rf3 Rd7 25. cxd7 1-0

[Event "Toronto-ch"]
[Site "Toronto CAN"]
[Date "1982.02.??"]
[Round "9"]
[White "Kourkounakis, Ilias"]
[Black "Kilgour, Ian"]
[Result "0-1"]
[WhiteElo "2246"]
[BlackElo "2240"]
[PlyCount "54"]
[GameId "2160767912848852"]
[EventDate "1982.02.??"]
[EventType "tourn"]
[EventRounds "11"]
[EventCountry "CAN"]
[SourceTitle "EXT 2022"]
[Source "ChessBase"]
[SourceDate "2021.10.06"]
[SourceVersion "1"]
[SourceVersionDate "2021.10.06"]
[SourceQuality "1"]

1. Nf3 g6 2. d4 Bg7 3. e4 d6 4. Bd3 e5 5. c3 Nc6 6. dxe5 Nxe5 7. Nxe5 dxe5 8. O-O Be6 9. Qe2 Qe7 10. b4 Bh6 11. Ba3 O-O-O 12. b5 Qd7 13. Bc4 Nf6 14. Bc5 b6 15. Bxe6 Qxe6 16. Bb4 Nh5 17. g3 Rd7 18. a4 Rhd8 19. Kg2 Rd3 20. Ra2 Nf4+ 21. gxf4 Qh3+ 22. Kh1 Rf3 23. Rg1 Bxf4 24. Rg2 Rfd3 25. f3 Bxh2 26. Rd2 Rxd2 27. Nxd2 Bf4+ 0-1

[Event "Toronto-ch"]
[Site "Toronto CAN"]
[Date "1982.02.??"]
[Round "9"]
[White "Lavin, David"]
[Black "Buchholz, Martin"]
[Result "0-1"]
[WhiteElo "2191"]
[BlackElo "2306"]
[PlyCount "132"]
[GameId "2160767912848853"]
[EventDate "1982.02.??"]
[EventType "tourn"]
[EventRounds "11"]
[EventCountry "CAN"]
[SourceTitle "EXT 2022"]
[Source "ChessBase"]
[SourceDate "2021.10.06"]
[SourceVersion "1"]
[SourceVersionDate "2021.10.06"]
[SourceQuality "1"]

1. d4 c5 2. d5 e5 3. c4 d6 4. Nc3 Be7 5. Nf3 f5 6. e4 f4 7. g3 fxg3 8. hxg3 Na6 9. Bh3 Bxh3 10. Rxh3 Qd7 11. Rh1 O-O-O 12. Qe2 Rf8 13. Nb5 Kb8 14. Be3 Nc7 15. Nxc7 Kxc7 16. a3 Qg4 17. Nd2 Qxe2+ 18. Kxe2 Nf6 19. f3 Nd7 20. b4 b6 21. Rab1 h5 22. Nb3 g5 23. Rh2 Rh7 24. Rbh1 Rfh8 25. Nc1 cxb4 26. axb4 Kb7 27. Nd3 a6 28. Bd2 h4 29. gxh4 gxh4 30. Rg1 Rc8 31. Nb2 b5 32. Kd3 Nb6 33. Rc1 bxc4+ 34. Nxc4 Nxc4 35. Rxc4 Rxc4 36. Kxc4 h3 37. Be3 Bd8 38. f4 Rh4 39. fxe5 Rxe4+ 40. Kd3 Rxe5 41. Rxh3 Rxd5+ 42. Kc4 Rf5 43. Rh7+ Bc7 44. Rg7 Kc6 45. Rg6 Rf3 46. Bd2 Bd8 47. Bg5 Bc7 48. Bd2 Rh3 49. Rf6 Bb6 50. Bf4 Rh4 51. Kb3 Bc7 52. Bd2 Rh1 53. Kc4 Rd1 54. Be3 Re1 55. Bd2 Re2 56. Bh6 Re4+ 57. Kb3 Kb5 58. Rf5+ Re5 59. Rf7 Bb6 60. Bf4 Rd5 61. Rf6 Rd3+ 62. Kc2 Rf3 63. Rf8 d5 64. Bd6 Rxf8 65. Bxf8 Kc4 66. Be7 Bd4 0-1

[Event "Toronto-ch"]
[Site "Toronto CAN"]
[Date "1982.02.??"]
[Round "9"]
[White "Nickoloff, Bryon"]
[Black "Van Leusden, Jacques"]
[Result "0-1"]
[WhiteElo "2343"]
[BlackElo "2066"]
[PlyCount "58"]
[GameId "2160767912848854"]
[EventDate "1982.02.??"]
[EventType "tourn"]
[EventRounds "11"]
[EventCountry "CAN"]
[SourceTitle "EXT 2022"]
[Source "ChessBase"]
[SourceDate "2021.10.06"]
[SourceVersion "1"]
[SourceVersionDate "2021.10.06"]
[SourceQuality "1"]

1. e4 e6 2. d4 d5 3. Nc3 Bb4 4. e5 c5 5. a3 Bxc3+ 6. bxc3 Ne7 7. a4 Nbc6 8. Nf3 Bd7 9. Bd3 Qa5 10. Qd2 c4 11. Be2 f6 12. Ba3 O-O-O 13. O-O Nf5 14. Rfb1 fxe5 15. Nxe5 Nxe5 16. dxe5 h5 17. Bf1 Bc6 18. Bb4 Qc7 19. Bc5 Kb8 20. Bd4 g5 21. Qxg5 Rdg8 22. Qd2 Nh4 23. Kh1 Qg7 24. f4 Nf5 25. Qf2 h4 26. Bxa7+ Kc8 27. Bd4 Ng3+ 28. Kg1 Ne4 29. Qe3 Qf7 0-1

[Event "Toronto-ch"]
[Site "Toronto CAN"]
[Date "1982.02.??"]
[Round "10"]
[White "Buchholz, Martin"]
[Black "Findlay, Ian"]
[Result "1-0"]
[WhiteElo "2306"]
[BlackElo "2250"]
[PlyCount "67"]
[GameId "2160767912848855"]
[EventDate "1982.02.??"]
[EventType "tourn"]
[EventRounds "11"]
[EventCountry "CAN"]
[SourceTitle "EXT 2022"]
[Source "ChessBase"]
[SourceDate "2021.10.06"]
[SourceVersion "1"]
[SourceVersionDate "2021.10.06"]
[SourceQuality "1"]

1. d4 Nf6 2. c4 c5 3. d5 e6 4. Nc3 exd5 5. cxd5 d6 6. e4 g6 7. Nf3 Bg7 8. Be2 O-O 9. O-O Bg4 10. Bf4 Re8 11. Qc2 a6 12. a4 Qc7 13. h3 Bxf3 14. Bxf3 Nbd7 15. g4 h6 16. g5 hxg5 17. Bxg5 c4 18. Bg2 Nc5 19. f4 Rab8 20. Bxf6 Bxf6 21. e5 dxe5 22. f5 e4 23. fxg6 Bd4+ 24. Kh1 fxg6 25. Nxe4 Nxe4 26. Bxe4 Re7 27. Rad1 Be5 28. d6 Bxd6 29. Rf6 Be5 30. Bd5+ Kh8 31. Rxg6 Rh7 32. Qf5 c3 33. Rf1 Bg7 34. Qf8+ 1-0

[Event "Toronto-ch"]
[Site "Toronto CAN"]
[Date "1982.02.??"]
[Round "10"]
[White "Morrison, Robert"]
[Black "Kilgour, Ian"]
[Result "1-0"]
[WhiteElo "2341"]
[BlackElo "2240"]
[PlyCount "60"]
[GameId "2160767912848857"]
[EventDate "1982.02.??"]
[EventType "tourn"]
[EventRounds "11"]
[EventCountry "CAN"]
[SourceTitle "EXT 2022"]
[Source "ChessBase"]
[SourceDate "2021.10.06"]
[SourceVersion "1"]
[SourceVersionDate "2021.10.06"]
[SourceQuality "1"]

1. Nf3 g6 2. c4 Bg7 3. Nc3 c5 4. g3 b6 5. Bg2 Bb7 6. O-O Nf6 7. d3 O-O 8. e4 Nc6 9. h3 a6 10. Be3 Ne8 11. d4 Nd6 12. b3 b5 13. dxc5 Nxc4 14. bxc4 Bxc3 15. Bh6 Re8 16. Rb1 b4 17. h4 Qc7 18. Bf4 e5 19. Be3 a5 20. Qd3 Nd8 21. h5 Ne6 22. Nh2 Rad8 23. Qe2 Ba6 24. Rfd1 Nxc5 25. Ng4 Re6 26. Bg5 Rc8 27. Qf3 d6 28. Nf6+ Kh8 29. Bh3 Kg7 30. Nd5 Qd7 1-0

[Event "Toronto-ch"]
[Site "Toronto CAN"]
[Date "1982.02.??"]
[Round "10"]
[White "Van Leusden, Jacques"]
[Black "Kourkounakis, Ilias"]
[Result "0-1"]
[WhiteElo "2066"]
[BlackElo "2246"]
[PlyCount "67"]
[GameId "2160767912848858"]
[EventDate "1982.02.??"]
[EventType "tourn"]
[EventRounds "11"]
[EventCountry "CAN"]
[SourceTitle "EXT 2022"]
[Source "ChessBase"]
[SourceDate "2021.10.06"]
[SourceVersion "1"]
[SourceVersionDate "2021.10.06"]
[SourceQuality "1"]

1. e4 e6 2. d4 d5 3. e5 c5 4. c3 Qb6 5. Nf3 Bd7 6. Be2 Bb5 7. c4 Bxc4 8. Bxc4 Qb4+ 9. Nbd2 dxc4 10. O-O Nc6 11. a3 Qb5 12. dxc5 Bxc5 13. Qe2 Nge7 14. b4 Bd4 15. Ne4 O-O 16. Nxd4 Nxd4 17. Qh5 f5 18. Ng5 h6 19. Be3 Qe8 20. Qd1 hxg5 21. Qxd4 f4 22. Bc1 Qc6 23. Qd6 Qxd6 24. exd6 Nd5 25. Re1 Kf7 26. a4 Rfd8 27. b5 Rxd6 28. Ba3 Rd7 29. Re5 c3 30. Rae1 c2 31. g3 Rc8 32. Bc1 Nb4 33. Rxe6 Rd3 34. gxf4 0-1

[Event "Toronto-ch"]
[Site "Toronto CAN"]
[Date "1982.02.??"]
[Round "11"]
[White "Day, Lawrence"]
[Black "Buchholz, Martin"]
[Result "1/2-1/2"]
[WhiteElo "2439"]
[BlackElo "2306"]
[PlyCount "144"]
[GameId "2160767912848859"]
[EventDate "1982.02.??"]
[EventType "tourn"]
[EventRounds "11"]
[EventCountry "CAN"]
[SourceTitle "EXT 2022"]
[Source "ChessBase"]
[SourceDate "2021.10.06"]
[SourceVersion "1"]
[SourceVersionDate "2021.10.06"]
[SourceQuality "1"]

1. e4 e6 2. d4 d5 3. Nc3 Bb4 4. e5 Qd7 5. Bd2 b6 6. Nf3 Ba6 7. Bxa6 Nxa6 8. Qe2 Nb8 9. Nd1 Bf8 10. O-O Ne7 11. Ne3 Ng6 12. Rfd1 Be7 13. g3 f6 14. exf6 Bxf6 15. h4 h5 16. Ng2 Nc6 17. Nf4 Nxf4 18. Bxf4 Kf7 19. Rac1 Ne7 20. b3 Nf5 21. Be5 Rac8 22. c4 c6 23. Rc2 dxc4 24. bxc4 Kg6 25. Qe4 Kf7 26. Rcd2 Nd6 27. Bxd6 Qxd6 28. Ne5+ Kg8 29. f4 Rh6 30. Kg2 b5 31. cxb5 cxb5 32. d5 Bxe5 33. fxe5 exd5 34. Rxd5 Qe7 35. Rd7 Qe8 36. Rxa7 Rc3 37. Rdd7 Rg6 38. Rd3 Rc2+ 39. Kf3 Rg4 40. Ra8 Rc8 41. Qd5+ Kh7 42. Rxc8 Qxc8 43. e6 Rg6 44. Re3 Rf6+ 45. Kg2 Qc2+ 46. Kh3 g6 47. Qe4 Qxe4 48. Rxe4 Rf8 49. g4 Re8 50. Kg3 Kg7 51. g5 Kf8 52. Rf4+ Ke7 53. Rf6 Ra8 54. Rxg6 Rxa2 55. Rh6 Ra8 56. Kf4 b4 57. Rh7+ Kxe6 58. Rh6+ Kf7 59. Rf6+ Kg7 60. Rb6 Ra4 61. Rb5 Kg6 62. Ke5 b3 63. Rb6+ Kg7 64. Rxb3 Rxh4 65. Kf5 Ra4 66. Rb7+ Kg8 67. Kg6 Ra6+ 68. Kxh5 Rc6 69. g6 Rc1 70. g7 Rh1+ 71. Kg6 Rg1+ 72. Kf6 Rf1+ 1/2-1/2

[Event "Toronto-ch"]
[Site "Toronto CAN"]
[Date "1982.02.??"]
[Round "11"]
[White "Kilgour, Ian"]
[Black "Van Leusden, Jacques"]
[Result "1-0"]
[WhiteElo "2240"]
[BlackElo "2066"]
[PlyCount "62"]
[GameId "2160767739985465"]
[EventDate "1982.02.??"]
[EventType "tourn"]
[EventRounds "11"]
[EventCountry "CAN"]
[SourceTitle "EXT 2022"]
[Source "ChessBase"]
[SourceDate "2021.10.06"]
[SourceVersion "1"]
[SourceVersionDate "2021.10.06"]
[SourceQuality "1"]

1. d4 Nf6 2. c4 d6 3. g3 Nbd7 4. Bg2 e5 5. e3 Be7 6. Ne2 O-O 7. Nbc3 c6 8. O-O Re8 9. b3 exd4 10. Nxd4 Ne5 11. h3 Bd7 12. Bb2 h5 13. Rc1 Qc8 14. Kh2 h4 15. gxh4 Ng6 16. Nf3 d5 17. Rh1 dxc4 18. bxc4 Qc7+ 19. Kg1 Rad8 20. Qc2 Qa5 21. Ne2 Bf5 22. Bc3 Qc5 23. Qb2 Qxc4 24. Ba5 Qa6 25. Bxd8 Rxd8 26. Re1 Ba3 27. Qb3 Rd3 28. Qb1 Rd5 29. Qa1 Bb4 30. Nc3 Rc5 31. Rc1 Qa3 {...} 1-0

[Event "Toronto-ch"]
[Site "Toronto CAN"]
[Date "1982.02.??"]
[Round "11"]
[White "Lavin, David"]
[Black "Morrison, Robert"]
[Result "1/2-1/2"]
[WhiteElo "2191"]
[BlackElo "2341"]
[PlyCount "105"]
[GameId "2160767912848860"]
[EventDate "1982.02.??"]
[EventType "tourn"]
[EventRounds "11"]
[EventCountry "CAN"]
[SourceTitle "EXT 2022"]
[Source "ChessBase"]
[SourceDate "2021.10.06"]
[SourceVersion "1"]
[SourceVersionDate "2021.10.06"]
[SourceQuality "1"]

1. d4 e6 2. c4 b6 3. a3 d5 4. Nc3 Nf6 5. g3 Be7 6. Bg2 O-O 7. Nh3 c6 8. b3 Ba6 9. cxd5 cxd5 10. O-O Nc6 11. Be3 Na5 12. Qb1 Rc8 13. Qb2 Qd7 14. Rfc1 Rc6 15. Ng5 Bd6 16. Nf3 Qe7 17. Ne5 Rc7 18. Bf4 Nh5 19. Bd2 Rfc8 20. Bf3 Nf6 21. Bf4 Ne8 22. e4 dxe4 23. Nxe4 Rxc1+ 24. Bxc1 Bb7 25. Bd2 Nc6 26. b4 Rd8 27. Bc3 Nb8 28. Bg2 Bd5 29. b5 Qb7 30. Qe2 Be7 31. f3 Nd6 32. Bb2 Nf5 33. Rd1 Bf8 34. Kh1 Qe7 35. Rc1 Ba8 36. Nc6 Nxc6 37. bxc6 Rc8 38. Qb5 Qc7 39. d5 exd5 40. Nc3 Bxc6 41. Qd3 Ne7 42. Bh3 Rd8 43. Qd4 Qb7 44. Ne2 Nc8 45. Nf4 Ne7 46. Nh5 Ng6 47. Bf5 Qe7 48. Rxc6 Qe1+ 49. Kg2 Qe2+ 50. Kg1 Qe1+ 51. Kg2 Qe2+ 52. Kg1 Qe1+ 53. Kg2 1/2-1/2

[Event "Tuesday 1"]
[Site "Montreal CAN"]
[Date "1982.02.06"]
[Round "1"]
[White "Zalys, Ignas"]
[Black "Richard, Daniel"]
[Result "0-1"]
[WhiteElo "1955"]
[BlackElo "1945"]
[PlyCount "136"]
[GameId "2160767912848731"]
[EventDate "1982.02.06"]
[EventType "tourn"]
[EventRounds "3"]
[EventCountry "CAN"]

1. d4 Nf6 2. Nc3 g6 3. e4 d6 4. Nf3 Bg7 5. Be2 O-O 6. h3 Nbd7 7. Be3 e5 8. O-O exd4 9. Nxd4 Re8 10. Bd3 Nc5 11. f3 Nh5 12. Qd2 Qh4 13. Ndb5 Ne6 14. f4 a6 15. f5 axb5 16. fxe6 Bxe6 17. Nxb5 Be5 18. Rf3 Qd8 19. c4 Ra4 20. Qc2 Ra8 21. a3 c6 22. Nd4 Qh4 23. Ne2 Ng3 24. Nf4 g5 25. Nxe6 Rxe6 26. Qd2 g4 27. Rf4 Bxf4 28. Bxf4 gxh3 29. gxh3 Nh5 30. Rf1 Nxf4 31. Qxf4 Qxf4 32. Rxf4 Re5 33. Kf2 Rae8 34. Rg4+ Kh8 35. Rf4 Kg7 36. Rf3 R8e6 37. Ke3 Rf6 38. Rg3+ Rg6 39. Rf3 Rg1 40. Kd4 Rd1 41. Kc3 Rh1 42. b4 Rh5 43. Bf1 Rh6 44. a4 Rf6 45. Rg3+ Rg6 46. Rf3 Rgg1 47. Bd3 h5 48. a5 h4 49. b5 c5 50. e5 Rg3 51. Rxg3+ hxg3 52. Be4 Ra1 53. exd6 Rxa5 54. d7 Ra8 55. Bxb7 Rd8 56. Bg2 Kf6 57. b6 Ke6 58. b7 Kxd7 59. Kd3 Kc7+ 60. Ke3 Rd4 61. Kf3 Rxc4 62. Kxg3 Rb4 63. Bd5 c4 64. Bxf7 c3 65. Bg6 Rb2 66. h4 c2 67. Bxc2 Rxc2 68. h5 Rc4 0-1